000 00739nam a2200217 i 4500
001 104457
003 ES-MaACL
005 20240123191041.0
007 t|
008 051130s1977 sp ||||1| spa d
080 _a84-233-0698-4
245 0 0 _aFreud
_b: el hombre, su mundo, su influencia /
_cdirección a cargo de Jonathan Miller ; traducido por Camila Batllés.
260 _aBarcelona :
_bDestino,
_c1977.
300 _a204 p., 32 h. de lám. col. y n. ;
_c26 cm.
600 1 4 _aFreud, Sigmund,
_d1856-1939
_952547
600 1 7 _aFreud, Sigmund,
_d1856-1939-
_xInfluencia
_2
_9166804
700 1 _aMiller, Jonathan.
_981221
700 1 _aBatlles, Camila.
_9182307
852 _aES-MaACL
_jA-7708
999 _c104457
_d104457